Catálogo
 En Linea

Gente de la tierra : (Registro nro. 6233)

Detalles MARC
000 -CABECERA
campo de control de longitud fija 01075cam a2200253 a 4500
001 - NÚMERO DE CONTROL
campo de control 000006438
005 - FECHA Y HORA DE LA ÚLTIMA TRANSACCIÓN
campo de control 20200929153930.0
008 - DATOS DE LONGITUD FIJA--INFORMACIÓN GENERAL
campo de control de longitud fija 950414s1993 ag a c f001 0 spa
020 ## - NÚMERO INTERNACIONAL ESTÁNDAR DEL LIBRO
Número Internacional Estándar del Libro 9500000172
040 ## - FUENTE DE LA CATALOGACIÓN
Centro catalogador/agencia de origen DO-SdBNP
Lengua de catalogación spa
Centro/agencia transcriptor BNPHU
082 ## - NÚMERO DE LA CLASIFICACIÓN DECIMAL DEWEY
Número de clasificación 982.001
Número de documento/Ítem A691t
110 1# - ENTRADA PRINCIPAL--NOMBRE DE ENTIDAD CORPORATIVA
Nombre de entidad corporativa o nombre de jurisdicción como elemento de entrada Argentina.
Unidad subordinada Ministerio de Cultura y Educación de la Nación
-- Secretaría de Cultura de la Nación.
9 (RLIN) 17866
245 10 - MENCIÓN DE TÍTULO
Título Gente de la tierra :
Resto del título el aporte indígena a la identidad nacional. /
Mención de responsabilidad, etc. prólogo de José María Castiñeira de Dios.
246 10 - FORMA VARIANTE DE TÍTULO
Título propio/Titulo breve Aporte indigena a la identidad nacional
260 ## - PUBLICACIÓN, DISTRIBUCIÓN, ETC.
Lugar de publicación, distribución, etc. Buenos Aires :
Nombre del editor, distribuidor, etc. Secretaría de Cultura de la Nación,
Fecha de publicación, distribución, etc. 1993.
300 ## - DESCRIPCIÓN FÍSICA
Extensión 80 p. :
Otras características físicas ill. ;
Dimensiones 20 cm.
500 ## - NOTA GENERAL
Nota general Catálogo de una exposición.
650 #4 - PUNTO DE ACCESO ADICIONAL DE MATERIA--TÉRMINO DE MATERIA
Término de materia o nombre geográfico como elemento de entrada Indios de sur américa
Subdivisión geográfica Argentina
Subdivisión general Exhibición
9 (RLIN) 17867
650 #4 - PUNTO DE ACCESO ADICIONAL DE MATERIA--TÉRMINO DE MATERIA
Término de materia o nombre geográfico como elemento de entrada Indígenas de argentina
9 (RLIN) 17868
650 #4 - PUNTO DE ACCESO ADICIONAL DE MATERIA--TÉRMINO DE MATERIA
Término de materia o nombre geográfico como elemento de entrada Argentina
Subdivisión general Historia
9 (RLIN) 17869
700 1# - PUNTO DE ACCESO ADICIONAL--NOMBRE DE PERSONA
Nombre de persona Castiñeira de Dios, José María
Término indicativo de función/relación prol.
9 (RLIN) 17870
710 1# - PUNTO DE ACCESO ADICIONAL--NOMBRE DE ENTIDAD CORPORATIVA
Nombre de entidad corporativa o nombre de jurisdicción como elemento de entrada Biblioteca Nacional (Argentina).
9 (RLIN) 17871
710 1# - PUNTO DE ACCESO ADICIONAL--NOMBRE DE ENTIDAD CORPORATIVA
Nombre de entidad corporativa o nombre de jurisdicción como elemento de entrada Secretaría de Estado de Cultura (Argentina).
9 (RLIN) 17872
Existencias
Estado de retiro Estado de pérdida Restricciones de uso No para préstamo Código de colección Localización permanente Ubicación/localización actual Ubicación en estantería Fecha de adquisición Número de inventario Total de préstamos Signatura topográfica completa Código de barras Fecha visto por última vez Precio válido a partir de Tipo de ítem Koha
    Préstamo interno   Monografías: Libros y Folletos General General En catalogación 28.08.2009 LF1   982.001 A691t 6438-10 25.06.2020 25.06.2020 Préstamo interno

Con tecnología Koha